Les raretés des cartes Lorcana - Statistiques

Statistiques générales
  • Ce quiz a été pris 12 fois
    5 depuis la dernière actualisation
  • Le résultat moyen est 7 sur 9
Statistiques - réponses
Raretés des cartes Lorcana % Correct
Commune
100%
Enchantée
100%
Epique
100%
Légendaire
100%
Rare
80%
Super Rare
80%
Iconique
60%
Peu Commune
60%
Promo
60%
Aucun quiz correspondant
Distribution des résultats
% des personnes avec chaque résultat
Percentile par nombre de réponses
Votre historique - résultats
Vous n’avez pas pris ce quiz depuis la dernière actualisation